[Event "RSA-ch U20"]
[Site "Bloemfontein"]
[Date "2016.03.23"]
[Round "6"]
[White "Jasson, Alexander Luke Jose"]
[Black "Crismann, Alessandro Claudio"]
[Result "0-1"]
[WhiteElo "1792"]
[BlackElo "1804"]
[PlyCount "46"]
[EventDate "2016.03.20"]
[EventType "swiss"]
[EventRounds "11"]
[EventCountry "RSA"]
[SourceTitle "CBM 171 Extra"]
[Source "ChessBase"]
[SourceDate "2016.04.26"]
[SourceVersion "1"]
[SourceVersionDate "2016.04.26"]
[SourceQuality "1"]

1. e4 c5 2. Nf3 Nc6 3. Nc3 g6 4. d4 cxd4 5. Nxd4 Bg7 6. Be3 Nf6 7. Nxc6 bxc6 8. e5 Ng8 9. f4 Nh6 10. Be2 0-0 11. 0-0 Nf5 12. Bf2 d5 13. exd6 exd6 14. Bg3 d5 15. Qd2 Ba6 16. Be1 Qa5 17. Rd1 Rab8 18. a4 Rxb2 19. Nxd5 Qxd2 20. Rxd2 cxd5 21. Rxd5 Nh6 22. Ra5 Bb7 23. Bd1 Bc3 0-1